000 00188 a2200097 4500
020 _a9780778325680
041 _aeng
100 _aMacomber debbie
245 _aPromise texas
942 _cBK
999 _c10942
_d10942